00405nam a2200133 a 450008200200000010000230002024500590004326000530010230000080015550000350016350500170019865000330021570000230024800a305.608097bTRO aTroll, Christian W aChristian Muslim Relations in India: A Critical Survey aBangalorebAssociation for Islamic Studiesc1980 a41p aincludes index and biblioraphy2 aBibliography aIslam-Relations Christianity1 aTroll, Christian W